000 00799cam a2200253 4500500
005 20260405002712.0
041 _afre
042 _adc
100 1 0 _aPortevin, Catherine
_eauthor
245 0 0 _aNassim Nicholas Taleb: “Mieux vaut avoir la conscience de l’ignorance que la certitude du savoir”
260 _c2018.
500 _a41
690 _aCatherine Portevin
690 _aCygne noir
690 _aEntretien
690 _aincertitude
690 _aLibertarianisme
690 _aMontaigne
690 _aNassim Nicholas Taleb
690 _aRisque
690 _aScepticisme
786 0 _nPhilosophie magazine | 119 | 5 | 2018-05-01 | p. 39-41 | 1951-1787
856 4 1 _uhttps://shs.cairn.info/magazine-philosophie-magazine-2018-5-page-39?lang=fr&redirect-ssocas=7080
999 _c2060259
_d2060259